Программирование звука для DOS и Windows: пер. с англ.

Bibliografiske detaljer
Hovedforfatter: Гуревич Н. Натан
Andre forfattere: Гуревич О. Ори
Sprog:russisk
Udgivet: Москва, Бином, 1995
Serier:Computer club
Fag:
Format: MixedMaterials Bog
KOHA link:https://koha.lib.tpu.ru/cgi-bin/koha/opac-detail.pl?biblionumber=22583

MARC

LEADER 00000nam0a2200000 4500
001 22583
005 20231030194752.0
010 |a 5750300749 
035 |a (RuTPU)RU\TPU\book\22796 
035 |a BOOK00000560 
090 |a 22583 
100 |a 20011209d1995 k y0rusy50 ca 
101 1 |a rus  |c eng 
102 |a RU 
105 |a a z 001zy 
200 1 |a Программирование звука для DOS и Windows  |e пер. с англ.  |f Н. Гуревич, О. Гуревич 
210 |a Москва  |c Бином  |d 1995 
215 |a 400 с.  |c ил. 
225 1 |a Computer club 
610 1 |a персональные компьютеры 
610 1 |a программирование 
610 1 |a звук 
610 1 |a анимация 
610 1 |a DOS 
610 1 |a Windows 
610 1 |a примеры 
675 |a 681.3.06  |v 3 
700 1 |a Гуревич  |b Н.  |g Натан 
701 1 |a Гуревич  |b О.  |g Ори 
801 0 |a RU  |b 63413507  |c 20011209  |g PSBO 
801 2 |a RU  |b 63413507  |c 20080908  |g PSBO 
942 |c BK